[Event "Busevec op U20 Girls"]
[Site "Busevec"]
[Date "2002.05.31"]
[Round "4"]
[White "Dedijer, Sanja"]
[Black "Juric, Mariana"]
[Result "1-0"]
[WhiteElo "2054"]
[BlackElo "1640"]
[PlyCount "45"]
[EventDate "2002.05.??"]
[EventType "swiss"]
[EventRounds "9"]
[EventCountry "CRO"]
[SourceTitle "EXT 2006"]
[Source "ChessBase"]
[SourceDate "2005.11.24"]
[SourceVersion "1"]
[SourceVersionDate "2005.11.24"]
[SourceQuality "1"]

1. d4 d5 2. c4 dxc4 3. Nf3 Nf6 4. e3 Bf5 5. Bxc4 e6 6. 0-0 Nc6 7. Nc3 Bd6 8. Re1 Ng4 9. e4 Bg6 10. d5 Na5 11. Qa4+ c6 12. dxe6 Nxc4 13. Qxc4 Bc7 14. e5 Bf5 15. exf7+ Kf8 16. Bg5 Qd7 17. e6 Bxe6 18. Qxe6 Qxe6 19. Rxe6 Bb6 20. Bh4 Bc5 21. Ne4 Bb4 22. a3 Ba5 23. Nd6 1-0

[Event "Busevec op U20 Girls"]
[Site "Busevec"]
[Date "2002.05.30"]
[Round "1"]
[White "Juric, Mariana"]
[Black "Hlavac, Iva"]
[Result "0-1"]
[WhiteElo "1640"]
[BlackElo "1930"]
[PlyCount "84"]
[EventDate "2002.05.??"]
[EventType "swiss"]
[EventRounds "9"]
[EventCountry "CRO"]
[SourceTitle "EXT 2006"]
[Source "ChessBase"]
[SourceDate "2005.11.24"]
[SourceVersion "1"]
[SourceVersionDate "2005.11.24"]
[SourceQuality "1"]

1. e4 c5 2. Nf3 Nc6 3. Nc3 d6 4. h3 Nf6 5. Bc4 g6 6. d3 Bg7 7. 0-0 0-0 8. Ng5 Ne5 9. Bf4 Nxc4 10. dxc4 Qb6 11. Rb1 h6 12. Nf3 Qd8 13. e5 Nh5 14. Qd2 Nxf4 15. Qxf4 dxe5 16. Nxe5 Qd6 17. Nd3 e5 18. Qf3 Qd4 19. Qd5 Be6 20. Qxc5 Bxc4 21. Qxd4 exd4 22. Ne4 Bxa2 23. Rbd1 Bd5 24. Ng3 Rac8 25. Nb4 Be6 26. Ne2 a5 27. Nd3 Rc7 28. Ndf4 Bc4 29. Rfe1 g5 30. Nd3 Bxd3 31. Rxd3 Re8 32. Kf1 Rxc2 33. Nxd4 Rxe1+ 34. Kxe1 Bxd4 35. Rxd4 b5 36. Kd1 Rxf2 37. Rd5 Rxb2 38. Kc1 Rb4 39. Kc2 Kf8 40. Kc3 Ke7 41. g3 Ke6 42. Rd2 Rc4+ 0-1